000 00575nam a2200205Ia 4500
005 20250508165334.0
008 008 250505s9999 xx 000 0 eng d
020 _a978-93-80607-50-4
037 _aTextBook
040 _aFEDL
_beng
_cFEDL
041 _aeng
_2eng
084 _a301, KAR/R
_qFEDL
100 _aKarve Irawati
_9135735
245 0 _aYuganta: The end of an epoch
260 _aHyderabad, India
_bOrient Blackswan Private Limited
_c2008
300 _axxi, 200p.
365 _aINR
_b395
942 _cTB
_h301, KAR/R
999 _c1394552
_d1394552